Представление документа в формате RUSMARC

ПолеНазваниеЗначение
  Тип записи a
  Библиографический уровень m
001 Контрольный номер 7a07d5dfe6bd472780d4287790b7438c
005 Дата корректировки 20260618110422.6
010 Индекс ISBN __
a ISBN 5-271-05156-0
b Уточнения в пер.
d Цена 1832-21
100 Данные общей обработки __
a Данные общей обработки 20220527d2020 d y0rusy028902 ca
101 Язык документа 0_
a Язык текста rus
102 Страна публикации __
a Страна публикации RU
105 Кодированные данные (монография) __
a Кодированные данные (монография) y z 000ay
181 Поле кодированных данных: вид содержания _0
a Код вида содержания (ISBD) i
182 Поле кодированных данных: тип средства _0
a Код типа средства (ISBD) n
200 Заглавие и сведения об ответственности 1_
a Заглавие Полосы на окнах
f Первые сведения об ответственности Виктор Голявкин
203 Вид содержания и тип средства __
a Вид содержания Текст
c Тип средства непосредственный
210 Выходные данные 1_
a Место издания Москва
c Издательство Чинар
d Дата издания 2020
215 Физическое описание __
a Объем 129 с.
225 Серия 2_
a Серия Круг чтения
e Сведения, относящиеся к заглавию серии издание для слабовидящих
330 Аннотация __
a Аннотация В этой повести, вы встретитесь с героями, с которыми, наверно, давно знакомы по книге Виктора Голявкина "Мой добрый папа".
606 Тематические рубрики __
a Основная рубрика Художественная литература
2 Код системы nlr_sh
606 Тематические рубрики __
a Основная рубрика Русская литература XX в. (произведения)
2 Код системы nlr_sh
610 Ключевые слова 0_
a Ключевые слова детская литература
610 Ключевые слова 0_
a Ключевые слова чтение для слабовидящих
610 Ключевые слова 0_
a Ключевые слова книги для незрячих
610 Ключевые слова 0_
a Ключевые слова повести
610 Ключевые слова 0_
a Ключевые слова повести для детей
610 Ключевые слова 0_
a Ключевые слова тема войны
610 Ключевые слова 0_
a Ключевые слова тема детей
610 Ключевые слова 0_
a Ключевые слова тема семьи
610 Ключевые слова 0_
a Ключевые слова тема военного детства
610 Ключевые слова 0_
a Ключевые слова тема Великой Отечественной войны
610 Ключевые слова 0_
a Ключевые слова тема ВОВ
610 Ключевые слова 0_
a Ключевые слова тема дружбы
686 Индексы других классификаций __
a Классификационный индекс ст84(2=411.2)6-4я0
2 Код системы rubbks
700 Автор _1
a Фамилия Голявкин
b Имя В. В.
4 Код отношения 070
f Даты 1929-2001
g Полное личное имя Виктор Владимирович
801 Источник записи _0
a Страна RU
b Организация Муниципальное бюджетное учреждение культуры "Централизованная библиотечная система" г. Сургут (Центральная городская библиотека им. А. С. Пушкина)
g Правила каталогизации PSBO
c Дата составления 20220527
801 Источник записи _1
a Страна RU
b Организация Муниципальное бюджетное учреждение культуры "Централизованная библиотечная система" г. Сургут (Центральная городская библиотека им. А. С. Пушкина)
g Правила каталогизации PSBO
c Дата составления 20220527
852 Данные о местонахождении __
j Шифр хранения ст84(2=411.2)6-4я0
i Авторский знак Г 63
900 Макрообъекты __
a Макрообъекты Полосы на окнах (для слабовидящих), В. Голявкин, 2020
901 Тип документа __
t Тип документа m
a Ответственный ООФиК/Волкова
903 Характеристики (МАРС) __
a Дата передачи 20220527
c Наименование библиотеки (МАРС) Муниципальное бюджетное учреждение культуры "Централизованная библиотечная система" г. Сургут (Центральная городская библиотека им. А. С. Пушкина)
969 Тип издания __
a Тип издания спецформат
a Тип издания крупношрифтовое издание
a Тип издания издание для слепых
a Тип издания издание для детей
990 Данные о заказе (DOS) __
j Количество экземпляров (DOS) 1
t N записи в КСУ для И/У (DOS) 202206